000 00266nam a2200097Ia 4500
001 644233
005 20250826153601.0
008 250824s9999 xx 000 0 und d
245 0 _aÖMERİN ÇOCUKLUĞU GENÇLİK KLASİKLERİ
_cMUALLİM NACİ
260 _bTİMAŞ ÇOCUK
999 _c644233
_d644233